00467nam a2200157Ia 450000500170000000800410001708200130005810000160007124500260008726000530011330000130016665000100017994200060018995200990019599900150029420250403020104.0240331s9999 xx 000 0 und d bTHAa894 aThambiah, M 0aNorungunda iIruthayam aChunnakambYalppanakaloori AAyvu Niruvanamc1914 a213 p ., aNovel cL 001040708LaWERCLbWERCLcSSCd2024-03-31l0o 894.811 THAp4299r2024-03-31w2024-03-31yL c3794d3794